Visualizzazione normale
Vista MARC
- Zappella, Marco,
di Personal Name
Records bibliografici associati: 1
001 - CONTROL NUMBER
- control field: 56782
003 - CONTROL NUMBER IDENTIFIER
- control field:
005 - DATE AND TIME OF LATEST TRANSACTION
- control field: 20180120141208.0
008 - FIXED-LENGTH DATA ELEMENTS
- fixed length control field: 180120|| aca||aabn | a|a d
040 ## - CATALOGING SOURCE
- Original cataloging agency:
- Transcribing agency:
100 ## - HEADING--PERSONAL NAME
- Personal name: Zappella, Marco,
- Relator term: curatore.
670 ## - SOURCE DATA FOUND
- Source citation: Work cat.: ()0: Giobbe :, ©2017.